00770cam a22002177a 4500003000500000005001700005008004100022010001000063011001000073035001000083040000900093100003700102245017100139260007200310300001900382650002100401650002900422650003600451700003100487700003400518CHAP20240814102224.0980807d1993 mx r 00110 spa d a75889 a76861 a86454 cCHAP00aParra Vázquez, Manuel Roberto.10aElementos para la definición de una política de investigación universitariac/por Manuel R. Parra Vázquez, Agustín López Herrera y Martha A. Perales Rivas aChapingo, Méx. :bUACH. Subdirección de Investigación,c1993. a58 p. :bilus.14aInvestigación.14aPolítica científica.14aUniversidadesxInvestigación.1 aLópez Herrera, Agustín0 aPerales Rivas, Martha Alicia.